Statistics for Chicago Bulls Best Team By Decade

Click here to take the quiz!

General Stats

  • This quiz has been taken 147 times
    (103 since last reset)
  • The average score is 16 of 31

Answer Stats

SeasonPlayer% Correct
1995-96Michael Jordan
97%
1995-96Scottie Pippen
95%
1995-96Dennis Rodman
94%
2020-21Zach LaVine
94%
2010-11Derrick Rose
93%
2020-21DeMar DeRozan
91%
2010-11Joakim Noah
85%
2020-21Nikola Vučević
85%
1995-96Luc Longley
72%
1995-96Ron Harper
72%
2006-07, 2010-11Luol Deng
68%
1988-89Bill Cartwright
66%
1973-74Bob Love
64%
1988-89Horace Grant
64%
1966-67Bob Boozer
56%
2010-11Carlos Boozer
56%
2006-07Kirk Hinrich
53%
2006-07Ben Gordon
47%
1966-67, 1973-74Jerry Sloan
44%
2020-21Javonte Green
29%
2020-21Ayo Dosunmu
28%
1973-74Norm Van Lier
25%
1973-74Chet Walker
23%
2006-07Ben Wallace
18%
1966-67Guy Rodgers
14%
2010-11Keith Bogans
13%
2006-07P.J. Brown
11%
1973-74Clifford Ray
10%
1966-67Don Kojis
2%
1988-89Sam Vincent
2%
1966-67Erwin Mueller
1%

Score Distribution

Percentile by Number Answered

Percent of People with Each Score

Your Score History

You have not taken this quiz since the last reset